الميسر في أصول الفقه / (رقم التسجيلة. 85392)

تفاصيل مارك
000 -الفاتح
عناصر البيانات ثابتة الطول 00604cam a2200181 i 4500
005 - تاريخ ووقت آخر معاملة
حقل ضبط 20251209103413.0
008 - عناصر البيانات ثابتة الطول
عناصر البيانات ثابتة الطول 250721s2003 jo gr 000 0 ara d
082 14 - رقم تصنيف ديوي العشري
رقم التصنيف 216
رقم المادة ع ا م
100 1# - مدخل رئيسي – اسم شخصي
الاسم الشخصي بني عامر، أحمد
علاقة الشخص بالعمل/ دوره مؤلف.
245 12 - بيان العنوان
العنوان الميسر في أصول الفقه /
بيان المسؤولية اعداد احمد اسماعيل بني عامر.
250 ## - بيان الطبعة
بيان الطبعة الطبعه الثانيه.
264 31 - بيانات النشر، التوزيع…إلخ
مكان النشر، التوزيع...إلخ عمان :
تاريخ النشر، التوزيع...إلخ 2003.
اسم الناشر، الموزع...إلخ [غير معروف].
300 ## - الوصف المادي
عدد الوحدات المكونة للوعاء 220 صفحه.
650 17 - مدخل إضافي بالموضوع - مصطلح موضوعي
مصطلح موضوعي أو اسم جغرافي كعنصر مدخل الفقة الإسلامي.
650 17 - مدخل إضافي بالموضوع - مصطلح موضوعي
مصطلح موضوعي أو اسم جغرافي كعنصر مدخل أصول الفقة.
942 ## - بيانات إضافية (كوها)
نوع التنصيف Dewey Decimal Classification
نوع المادة (كوها) كتب
المقتنيات
حالة السحب حالة الفقدان مصدر التصنيف حالة التلف غير قابل للإعارة المكتبة الرئيسية المكتبة الحالية موقع الرف تاريخ التزويد الرقم المتسلسل Total Checkouts رقم الإستدعاء الباركود تاريخ آخر ظهور تاريخ الفاتورة نوع المادة (كوها) العملة
    Dewey Decimal Classification     المكتبة المركزية المكتبة المركزية الإعارة 09/12/2025 609439   216 ع ا م PLD609439 09/12/2025 09/12/2025 كتب JOD
    Dewey Decimal Classification     مكتبة أم قصير والمقابلين العامة مكتبة أم قصير والمقابلين العامة الإعارة 23/07/2014 609482   216/عام PLD00337241 28/07/2025 23/07/2014 كتب  
    Dewey Decimal Classification     مكتبة حمزة العامة مكتبة حمزة العامة الإعارة 26/11/2015 609480   216/عام PLD00367041 28/07/2025 26/11/2015 كتب  
    Dewey Decimal Classification     مكتبة صويلح العامة مكتبة صويلح العامة الإعارة 11/11/2015 609475   216/عام PLD00363983 28/07/2025 11/11/2015 كتب  
Implemented & Customized by: BBB with SCIT (Smart Chains for Information Technology)

Powered by Koha